Statistics for 100 Biggest Cities in Japan

Click here to take the quiz!

General Stats

  • This quiz has been taken 219 times
  • The average score is 32 of 100

Answer Stats

Rank Population City % Correct
18,956,000Tokyo
100%
32,670,000Osaka
99%
81,470,000Kyoto
93%
111,178,000Hiroshima
93%
42,266,000Nagoya
88%
51,906,000Sapporo
88%
31445,000Nagasaki
87%
23,690,000Yokohama
85%
61,544,000Kobe
83%
71,482,000Fukuoka
74%
121,045,000Sendai
69%
54347,000Nagano
69%
91,413,000Kawasaki
61%
14962,000Chiba
60%
24537,000Kagoshima
56%
17812,000Niigata
56%
74277,000Fukushima
56%
19734,000Kumamoto
55%
13985,000Kitakyushu
55%
101,230,000Saitama
53%
52350,000Nara
52%
22712,000Shizuoka
49%
69288,000Aomori
47%
23711,000Okayama
47%
18797,000Hamamatsu
46%
43409,000Oita
45%
66304,000Naha
45%
70287,000Miyazaki
43%
68302,000Akita
42%
59321,000Toyama
39%
62307,000Hakodate
39%
16842,000Sakai
39%
45397,000Wakayama
38%
41411,000Gifu
37%
32444,000Matsuyama
36%
86249,000Yamagata
35%
57332,000Toyota
35%
60317,000Kochi
34%
33443,000Kanazawa
34%
30454,000Himeji
33%
38427,000Utsunomiya
31%
93235,000Morioka
31%
85253,000Fukui
30%
96222,000Fuji
29%
20719,000Sagamihara
29%
78264,000Tokushima
28%
58330,000Takamatsu
27%
71286,000Maebashi
27%
81260,000Otsu
26%
49359,000Asahikawa
26%
28466,000Hachioji
25%
94234,000Mito
25%
36433,000Yokosuka
22%
25533,000Funabashi
21%
79263,000Shimonoseki
20%
92236,000Takasaki
20%
56338,000Toyohashi
20%
26518,000Higashi-Osaka
19%
50356,000Iwaki
17%
90241,000Hachinohe
16%
88245,000Sasebo
16%
84254,000Ibaraki
16%
75274,000Yokkaichi
15%
63307,000Okazaki
15%
64306,000Kashiwa
15%
47366,000Fukuyama
15%
61315,000Koriyama
15%
97217,000Kure
14%
65305,000Kawagoe
13%
40415,000Kurashiki
13%
34439,000Kawaguchi
13%
35437,000Ichikawa
12%
95228,000Kurume
12%
48360,000Takatsuki
12%
53349,000Machida
12%
29456,000Matsudo
12%
67303,000Tokorozawa
12%
27501,000Amagasaki
12%
76271,000Akashi
11%
99209,000Fuchu
11%
44404,000Omiya
10%
51351,000Fujisawa
9%
42410,000Toyonaka
9%
37428,000Nishinomiya
9%
98211,000Numazu
8%
72285,000Koshigaya
8%
39418,000Urawa
8%
55345,000Suita
7%
80262,000Ichinomiya
7%
82258,000Ichihara
7%
46391,000Hirakata
7%
77267,000Kasugai
6%
87246,000Hiratsuka
6%
89242,000Shimizu
6%
91240,000Kakogawa
6%
73278,000Yao
5%
15881,000Setagaya
5%
83257,000Neyagawa
4%
100206,000Soka
4%
21715,000Nerima
2%

Score Distribution

Percentile by Number Answered

Percent of People with Each Score

Your Score History

You have not taken this quiz